Stars on a Map - Statistics

General Stats
  • This quiz has been taken 83 times
  • The average score is 18 of 20
Answers on the Map
Answers color-coded by a green-red scale on the quiz's map according to % correct below.
 
Answer Stats
Answer % Correct
Canada
99%
Portugal
97%
Spain
97%
China
96%
Argentina
91%
Australia
91%
Japan
91%
Russia
91%
New Zealand
90%
South Africa
90%
Chile
88%
North Korea
88%
Brazil
87%
South Korea
87%
Mongolia
86%
Paraguay
86%
Botswana
81%
Cape Verde
80%
Namibia
80%
Uruguay
80%
No matching quizzes found
Score Distribution
Percent of People with Each Score
Percentile by Number Answered
Your Score History
You have not taken this quiz